| 000 | 00883nas a2200289 4500 | ||
|---|---|---|---|
| 001 | BR9602559 | ||
| 003 | BR-BrBNA | ||
| 005 | 20231205095752.0 | ||
| 007 | ta | ||
| 008 | 230509b bl.|||p| |||| 00| 00por d | ||
| 040 |
_aBR-BrBNA _bpor _cBiblioteca Nacional de Agricultura |
||
| 041 | _a(Pt) | ||
| 072 | _aF30; P35 | ||
| 100 | 1 | _aFageria, N.K. | |
| 100 | 1 | _aSant'Ana, E.P. | |
| 100 | 1 | _aCastro, E.M. de | |
| 100 | 1 | _aMoraes, O.P. | |
| 245 | 1 | _aResposta diferencial de genotipos de arroz de sequeiro a fertilidade do solo | |
| 650 | _aArroz Sequeiro | ||
| 650 | _aGenotipo | ||
| 650 | _aComportamento de Variedade | ||
| 650 | _aFertilidade do Solo | ||
| 650 | _aCerrado | ||
| 773 | 0 |
_tRevista Brasileira de Ciencia do Solo (Brazil) _xISSN 0100-0683 _g(May-Aug 1995), v. 19(2) p. 261-267 _wBR9602559 |
|
| 909 |
_a202311 _bLúcia _c55 _dLúcia Elande |
||
| 942 |
_2AGRIS _n0 _cANA |
||
| 999 |
_c152598 _d152598 |
||